[Event "Al Ain op 1st"]
[Site "Al Ain"]
[Date "2012.12.27"]
[Round "7"]
[White "Bharat, Vijay"]
[Black "Tarasova, Viktoriya"]
[Result "0-1"]
[WhiteElo "1961"]
[BlackElo "2254"]
[PlyCount "142"]
[EventDate "2012.12.22"]
[EventType "swiss"]
[EventRounds "9"]
[EventCountry "UAE"]
[SourceTitle "CBM 152 Extra"]
[Source "ChessBase"]
[SourceDate "2013.02.25"]
[SourceVersion "1"]
[SourceVersionDate "2013.02.25"]
[SourceQuality "1"]

1. Nf3 d5 2. d4 c6 3. c4 e6 4. Nc3 Nf6 5. cxd5 exd5 6. e3 Bd6 7. Be2 Nbd7 8. 0-0 0-0 9. Rb1 Qe7 10. a3 a5 11. Bd2 Nb6 12. Qc2 Ne4 13. Nxe4 dxe4 14. Ne1 Nd5 15. Bc4 Bd7 16. Qd1 Nf6 17. Be2 Be6 18. Nc2 Bb3 19. Rc1 Qc7 20. g3 Qd7 21. f4 exf3 22. Bxf3 Rfe8 23. Qe2 Qe6 24. Qd3 Bc4 25. Qc3 Bxf1 26. Rxf1 Ne4 27. Qd3 Bc7 28. Bc1 Rad8 29. b4 axb4 30. axb4 Ra8 31. b5 f5 32. Be2 Qg6 33. Rf3 Kh8 34. bxc6 bxc6 35. Kg2 Rab8 36. Ne1 Red8 37. Qc2 Rf8 38. Nd3 Qe6 39. Ba3 Rfe8 40. Nc5 Nxc5 41. Bxc5 Bd6 42. Bxd6 Qxd6 43. Qxf5 Rf8 44. Qe4 c5 45. Rxf8+ Rxf8 46. Bd3 g6 47. dxc5 Qxc5 48. Qc4 Qe5 49. Qb5 Qf6 50. Kh3 Kg7 51. Bc4 Qe7 52. Qb6 Re8 53. Qd4+ Qf6 54. Qd7+ Re7 55. Qd5 Rxe3 56. Qg8+ Kh6 57. Qd5 Re5 58. Qd2+ g5 59. Bd3 Qe6+ 60. Kg2 Qd5+ 61. Kg1 Qd4+ 62. Kg2 Re3 63. h4 Qxd3 64. hxg5+ Kxg5 65. Qa5+ Kf6 66. Qb6+ Re6 67. Qf2+ Qf5 68. Qd4+ Kg6 69. Qd1 Rc6 70. Qe1 Rc2+ 71. Kg1 Qc5+ 0-1

[Event "Al Ain op 1st"]
[Site "Al Ain"]
[Date "2012.12.26"]
[Round "5"]
[White "Bharat, Vijay"]
[Black "Kawuma, Patrick"]
[Result "1-0"]
[WhiteElo "1961"]
[BlackElo "2245"]
[PlyCount "53"]
[EventDate "2012.12.22"]
[EventType "swiss"]
[EventRounds "9"]
[EventCountry "UAE"]
[SourceTitle "CBM 152 Extra"]
[Source "ChessBase"]
[SourceDate "2013.02.25"]
[SourceVersion "1"]
[SourceVersionDate "2013.02.25"]
[SourceQuality "1"]

1. d4 Nf6 2. c4 g6 3. Nc3 Bg7 4. e4 d6 5. Bd3 0-0 6. Bg5 Nc6 7. Nge2 h6 8. Bh4 Nd7 9. Bc2 Nb4 10. Bb1 c5 11. d5 Ne5 12. a3 Na6 13. b3 Bh3 14. 0-0 Qd7 15. f4 Bg4 16. fxe5 Bxe5 17. Be1 f5 18. exf5 Bd4+ 19. Kh1 Bxf5 20. Bxf5 Rxf5 21. Rxf5 Qxf5 22. Ng3 Qe5 23. Rc1 Rf8 24. Qe2 Qg7 25. Nb5 Be5 26. Bc3 Bxc3 27. Nxc3 1-0

[Event "Al Ain op 1st"]
[Site "Al Ain"]
[Date "2012.12.25"]
[Round "4"]
[White "Bharat, Vijay"]
[Black "Ayyad, Husain Abdulgalil"]
[Result "0-1"]
[WhiteElo "1961"]
[BlackElo "2205"]
[PlyCount "78"]
[EventDate "2012.12.22"]
[EventType "swiss"]
[EventRounds "9"]
[EventCountry "UAE"]
[SourceTitle "CBM 152 Extra"]
[Source "ChessBase"]
[SourceDate "2013.02.25"]
[SourceVersion "1"]
[SourceVersionDate "2013.02.25"]
[SourceQuality "1"]

1. d4 Nf6 2. Nf3 e6 3. Bf4 b6 4. e3 Bb7 5. Bd3 Nh5 6. Bg5 Be7 7. Bxe7 Qxe7 8. c4 d6 9. 0-0 Nd7 10. Nc3 0-0 11. Ne1 g6 12. a3 Ndf6 13. f4 e5 14. Nc2 Rfe8 15. Qd2 Rad8 16. Rae1 Qf8 17. Nb5 Rd7 18. b4 Qh6 19. d5 c6 20. Nc3 Rde7 21. Ne4 Nxe4 22. Bxe4 Nf6 23. Bf3 cxd5 24. Bxd5 Nxd5 25. cxd5 Ba6 26. Rf2 Qh5 27. a4 Bc4 28. Na3 Bb3 29. Nb5 exf4 30. Rxf4 Qe5 31. Rd4 Bxa4 32. Nc3 Bd7 33. Ne4 Kg7 34. Nf2 Qg5 35. Rd3 Bf5 36. Qc3+ Qf6 37. Qxf6+ Kxf6 38. e4 Rc7 39. Rde3 Bd7 0-1

[Event "Reykjavik op"]
[Site "Reykjavik"]
[Date "2012.03.11"]
[Round "6"]
[White "Bharat, Vijay"]
[Black "Arnljotsson, Jon H"]
[Result "1/2-1/2"]
[WhiteElo "1941"]
[BlackElo "2098"]
[PlyCount "112"]
[EventDate "2012.03.06"]
[EventType "swiss"]
[EventRounds "9"]
[EventCountry "ISL"]
[SourceTitle "CBM 147 Extra"]
[Source "ChessBase"]
[SourceDate "2012.04.24"]
[SourceVersion "1"]
[SourceVersionDate "2012.04.24"]
[SourceQuality "1"]

1. d4 Nf6 2. Nf3 e6 3. Bf4 b6 4. e3 Bb7 5. Bd3 Be7 6. Nbd2 d5 7. Ne5 0-0 8. h4 Nbd7 9. Ndf3 Nxe5 10. dxe5 Ne4 11. Ng5 h6 12. Qh5 Nxg5 13. hxg5 Bxg5 14. Bxg5 Qxg5 15. Qxg5 hxg5 16. Bh7+ Kh8 17. 0-0-0 g6 18. Bxg6+ Kg7 19. Bd3 Rh8 20. Kd2 Rxh1 21. Rxh1 Rh8 22. Rxh8 Kxh8 23. g4 Kg7 24. b4 f6 25. f4 c5 26. c3 gxf4 27. exf6+ Kxf6 28. exf4 Bc8 29. g5+ Kg7 30. Ke3 Bd7 31. a3 Bc8 32. Bb5 Kg6 33. Bd3+ Kg7 34. Kf3 Bd7 35. Ke3 Bc8 36. Kd2 Bd7 37. Ke3 Kf7 38. Kd2 Kg7 39. Kc2 Ba4+ 40. Kd2 Bd7 41. Ke3 Kf7 42. c4 Bc6 43. cxd5 exd5 44. f5 d4+ 45. Kf4 Bd5 46. Ke5 Bb3 47. Bb1 Bc4 48. Ke4 Kg7 49. Bc2 Kf7 50. Bd1 Kg7 51. Bh5 Bb3 52. Kd3 Ba2 53. f6+ Kf8 54. g6 Be6 55. Ke4 Bb3 56. Kd3 Be6 1/2-1/2